| 000 | 00428nam a2200205Ia 4500 | ||
|---|---|---|---|
| 001 | 12718 | ||
| 003 | GE_BSU | ||
| 008 | 181216s||||||||xx |||||||||||||| ||und|| | ||
| 020 | _a9780751551303 | ||
| 040 | _cGE_BSU | ||
| 080 | _a821.111-32 | ||
| 100 | _aRansom, Christopher | ||
| 245 | 4 | _aThe Orphan | |
| 260 | _aLondon | ||
| 260 | _bSphere | ||
| 260 | _c2013 | ||
| 300 | _a486p.20cm. | ||
| 653 | _aThe Orphan | ||
| 942 | _cBK | ||
| 999 |
_c45889 _d45889 |
||